banner-ar

اساتذة التجسس / (Record no. 49465)

MARC details
000 -الفاتح
حقل البيانات ثابتة الطول 00658nam a2200229Ia 4500
008 - عناصر البيانات ثابتة الطول - معلومات عامة
حقل البيانات ثابتة الطول 140319s9999 xx 000 0 ara d
040 ## - مصدر الفهرسة
وكالة الفهرسة الأصلية GCL /
وكالة النسخ GCL
082 04 - رقم تصنيف ديوى العشرى
رقم التصنيف 327.12
رقم المادة ب ا
100 1# - المدخل الرئيسى - إسم شخصى
الإسم الشخصى محمود سالم
245 10 - بيان العنوان
العنوان اساتذة التجسس /
بيان المسئوليه,etc محمود سالم
700 1# - المدخل الاضافى - اسم شخصى
الإسم الشخصى بور، روجر
700 1# - المدخل الاضافى - اسم شخصى
الإسم الشخصى يلندل، ينحل
700 1# - المدخل الاضافى - اسم شخصى
الإسم الشخصى عبدالرحمن الجناينى
300 ## - الوصف المادى
التعداد 149 ص
490 ## - بيان السلسلة
عنوان السلسلة عالم الجريمة
رقم المجلد/ التعيين التسلسلي 0
650 04 - المدخل الاضافى بالموضوع-مصطلح موضوعى
مصطلح موضوعي العلاقات الدولية
650 04 - المدخل الاضافى بالموضوع-مصطلح موضوعى
مصطلح موضوعي الجواسيس
650 04 - المدخل الاضافى بالموضوع-مصطلح موضوعى
مصطلح موضوعي الجاسوسية
650 04 - المدخل الاضافى بالموضوع-مصطلح موضوعى
مصطلح موضوعي القوى السياسية
942 ## - عناصر المدخل الإضافي( كوها)
مصدر التصنيف او مخطط الترفيف Dewey Decimal Classification
Koha [default] item type كتاب
Holdings
حالة التراجع حالة الفقد حالة تلف ليس للاعارة المكان المؤقت الموقع الحالى تاريخ الاكتساب اجمالي اﻻعارات رقم الطلب الباركود تاريخ اخر مشاهدة تاريخ تفعيل السعر نوع وعاء كوها
        مكتبة القاهرة الكبرى مكتبة القاهرة الكبرى 03/26/2014   327.12\ب ا 118845 03/26/2014 03/26/2014 كتاب
        مكتبة القاهرة الكبرى مكتبة القاهرة الكبرى 03/26/2014   327.12\ب ا 118846 03/26/2014 03/26/2014 كتاب
        مكتبة القاهرة الكبرى مكتبة القاهرة الكبرى 03/26/2014   327.12\ب ا 118847 03/26/2014 03/26/2014 كتاب
        مكتبة القاهرة الكبرى مكتبة القاهرة الكبرى 03/26/2014   327.12\ب ا 118848 03/26/2014 03/26/2014 كتاب

Powered By

EGPV